| 000 | 00491nam a22001817a 4500 | ||
|---|---|---|---|
| 999 |
_c524781 _d524781 |
||
| 003 | NUST | ||
| 038 | _aFaiza | ||
| 082 |
_a891.4392 _bSHU |
||
| 100 |
_aShuja, Ahmad _96859 |
||
| 245 |
_aBaap ka Gunah / _cAhmad Shuja |
||
| 260 |
_aKarachi : _bFeroz Sons, _c1950. |
||
| 300 | _a167 p. ; | ||
| 500 | _aHard cover. | ||
| 880 |
_6100-01\r _aاحمد شجاع |
||
| 880 |
_6245-02\r _aباپ کا گناہ / |
||
| 880 |
_6260-03\r _aکراچی : _bفیروزسنز, _c۱۹۵۰. |
||
| 942 |
_2ddc _cBK |
||